METHODS OF ARTIFICIAL INFECTION OF WINTER WHEAT BY HELMINTHOSPORIUM SATIVUM РАМ., KING ET BAKKE

Bibliographic Details
Main Authors: Michalíková, Alla, 1935-2020 (Author), Bojňanský, Vít, 1921-2009 (Author), Ismail, Ismail Mohamed Kamel (Author)
Format: Article
Language:Slovak

MARC

LEADER 00000nab a2200000uu 4500
001 vtls011153745
003 SK-MaSNL
005 20260304031709.0
008 230131| xo |||||||||||||||||slo|
015 |a SNBRB 
035 |a (urnnbn)urn:nbn:sk:snk:ar-a0a74a 
035 |a (uuid)f4ae36f2-4eea-4fe7-8253-efcc1ee299e1 
035 |a urn:nbn:sk:snk-abb2n6 
040 |a SNKBUCL  |b slo  |c SNKBUCL  |e AACR2 
041 0 |a slo 
044 |a xo  |c SK 
100 1 |a Michalíková, Alla,  |d 1935-2020  |4 aut  |9 255504 
245 1 0 |a METHODS OF ARTIFICIAL INFECTION OF WINTER WHEAT BY HELMINTHOSPORIUM SATIVUM РАМ., KING ET BAKKE  |c Alia Michalíková, Vít Bojňanský, Ismail Mohamed Kamel Ismail 
246 3 |a METÓDY UMELEJ INFEKCIE OZIMNEJ PŠENICE HUBOU HELMINTHOSPORIUM SATIVUM PKB 
700 1 |a Bojňanský, Vít,  |d 1921-2009  |4 aut  |9 98414 
700 1 |a Ismail, Ismail Mohamed Kamel  |4 aut  |9 229844 
773 0 |t Poľnohospodárstvo : časopis pre poľnohospodárske vedy  |g Roč. 22, č. 9 (1976_2), s. 800-811 
954 |a odborná, vedecká literatúra pôvodná (slovenská)  |2 lita 
958 |a OND 
958 |a EUIPO 
958 |a article14 
999 |c 2639421  |d 2641351